<?xml version="1.0" encoding="utf-8"?>
<?xml-stylesheet type='text/xsl' href='./oai2.xsl'?>
<OAI-PMH xmlns="http://www.openarchives.org/OAI/2.0/" xmlns:xsi="http://www.w3.org/2001/XMLSchema-instance" xsi:schemaLocation="http://www.openarchives.org/OAI/2.0/ http://www.openarchives.org/OAI/2.0/OAI-PMH.xsd">
  <responseDate>2026-06-05T18:49:27Z</responseDate>
  <request verb="GetRecord" metadataPrefix="marcxml" identifier="record_kuniweb_401116">https://kulturerbe.niedersachsen.de/oai</request>
  <GetRecord>
    <record>
      <header>
        <identifier>record_kuniweb_401116</identifier>
        <datestamp>2025-08-28T09:38:22Z</datestamp>
        <setSpec>slg0183</setSpec>
      </header>
      <metadata>
        <marc:record xmlns:marc="http://www.loc.gov/MARC21/slim" xsi:schemaLocation="http://www.loc.gov/MARC21/slim http://www.loc.gov/standards/marcxml/schema/MARC21slim.xsd">
          <marc:leader>12345nkm  22     uu 4500</marc:leader>
          <marc:controlfield tag="001">401116</marc:controlfield>
          <marc:controlfield tag="003">http://kuniweb.gbv.de</marc:controlfield>
          <marc:controlfield tag="005">2024-08-27T11:49:20</marc:controlfield>
          <marc:controlfield tag="008">|           ||||||||||||||||||||||</marc:controlfield>
          <marc:datafield tag="245" ind1="1" ind2="0">
            <marc:subfield code="a">Topfmarkt auf dem Spohrplatz</marc:subfield>
          </marc:datafield>
          <marc:datafield tag="720" ind1=" " ind2=" ">
            <marc:subfield code="a">Anna Löhr</marc:subfield>
          </marc:datafield>
          <marc:datafield tag="655" ind1=" " ind2="7">
            <marc:subfield code="a">Malerei</marc:subfield>
          </marc:datafield>
          <marc:datafield tag="046" ind1=" " ind2=" ">
            <marc:subfield code="k">1914</marc:subfield>
            <marc:subfield code="k">1914 (Signatur)</marc:subfield>
          </marc:datafield>
          <marc:datafield tag="260" ind1=" " ind2=" ">
            <marc:subfield code="g">1914</marc:subfield>
            <marc:subfield code="g">1914 (Signatur)</marc:subfield>
          </marc:datafield>
          <marc:datafield tag="300" ind1=" " ind2=" ">
            <marc:subfield code="a">Breite: 87,3 cm (Rahmen)
Höhe: 74,5 cm (Rahmen)
Höhe: 60,1 cm
Breite: 72,8 cm</marc:subfield>
          </marc:datafield>
          <marc:datafield tag="520" ind1=" " ind2=" ">
            <marc:subfield code="a">Querrechteckige Vedute: Der Platz ist diagonal erfasst, in der linken Bildhälfte befindet sich eine Platzecke, auf die die den Platz umstehenden Häuser fluchten. Unter fünf kahlen Bäumen haben mehrere Händler ihre Waren auf dem Boden ausgebreitet, die von der winterlich gekleideten Kundschaft begutachtet werden. Die tiefstehende Sonne wirft lange Schatten auf das Pflaster. (Städtisches Museum Braunschweig)

Aufschrift:
"A. Löhr. 14." (Signatur, unten rechts)

Aufschrift:
auf der Leinwand, Mitte zwei rote Museumsstempel; senkrechte Mittelstrebe roter Museumsstempel, "St. / M. / Br." (schwarzer Filzstift); Keilrahmen oben: "208 A. Löhr: "Topfmarkt"", unten rechts "208"; Schmuckrahmen unten rechts Klebezettel mit rotem Museumsstempel, "Nr. / 208 / A. Löhr" (in Tinte)

Literatur in Zusammenhang:
ThB 23 (1929), S. 319; zu Anna Löhr: Armenat 1991, S. 99-102.

Veröffentlicht in:
G. E. Scheyer, „Galka Scheyer und Die Blaue Vier Lyonel Feininger, Alexej von Jawlensky, Wassily Kandinsky, Paul Klee“. Hirmer, München, 2024. (S. 111, Abb. 12, u. S. 248.)

Veröffentlicht in:
J. M. Nauhaus und J. Lange, „Die Gemäldesammlung des Städtischen Museums Braunschweig Vollständiges Bestandsverzeichnis und Verlustdokumentation“. Olms, Hildesheim; Zürich [u.a.], 2009. (S. 271, Nr. 738 (mit älterer Lit.), u. Farbtafel 55.)

Veröffentlicht in:
C. Hollberg und S. Ahrens, „Braunschweig 1913 [zum Themenjahr ‚1913 - Braunschweig zwischen Monarchie und Moderne‘ ; Ausstellung im Städtischen Museum Braunschweig 3.11.2013 - 5.1.2014]“. Appelhans, Braunschweig, 2013. (S. 102, Nr. 158.)</marc:subfield>
          </marc:datafield>
          <marc:datafield tag="500" ind1=" " ind2=" ">
            <marc:subfield code="a">Überweisung

24.03.1914</marc:subfield>
          </marc:datafield>
          <marc:datafield tag="650" ind1="1" ind2=" ">
            <marc:subfield code="a">Gemälde</marc:subfield>
          </marc:datafield>
          <marc:datafield tag="650" ind1="1" ind2=" ">
            <marc:subfield code="a">Malerei</marc:subfield>
          </marc:datafield>
          <marc:datafield tag="650" ind1="1" ind2=" ">
            <marc:subfield code="a">Topographie</marc:subfield>
          </marc:datafield>
          <marc:datafield tag="650" ind1="1" ind2=" ">
            <marc:subfield code="a">Malerei &gt; Gemälde</marc:subfield>
          </marc:datafield>
          <marc:datafield tag="650" ind1="1" ind2=" ">
            <marc:subfield code="a">Malerei</marc:subfield>
          </marc:datafield>
          <marc:datafield tag="650" ind1="1" ind2=" ">
            <marc:subfield code="a">Braunschweig</marc:subfield>
          </marc:datafield>
          <marc:datafield tag="773" ind1="0" ind2=" ">
            <marc:subfield code="t">Sammlung Malerei</marc:subfield>
          </marc:datafield>
          <marc:datafield tag="852" ind1=" " ind2=" ">
            <marc:subfield code="a">Städtisches Museum Braunschweig</marc:subfield>
          </marc:datafield>
          <marc:datafield tag="" ind1=" " ind2=" ">
            <marc:subfield code="a">Namensnennung - Nicht kommerziell - Keine Bearbeitungen 4.0 International (CC BY-NC-ND 4.0)</marc:subfield>
          </marc:datafield>
        </marc:record>
      </metadata>
    </record>
  </GetRecord>
</OAI-PMH>
